<?xml version="1.0" encoding="UTF-8"?>
<record
    xmlns:xsi="http://www.w3.org/2001/XMLSchema-instance"
    xsi:schemaLocation="http://www.loc.gov/MARC21/slim http://www.loc.gov/standards/marcxml/schema/MARC21slim.xsd"
    xmlns="http://www.loc.gov/MARC21/slim">

  <leader>00334nam a2200145Ia 4500</leader>
  <datafield tag="100" ind1=" " ind2=" ">
    <subfield code="a">Tokheim/Roger L </subfield>
  </datafield>
  <datafield tag="942" ind1=" " ind2=" ">
    <subfield code="c">BK</subfield>
  </datafield>
  <datafield tag="654" ind1=" " ind2=" ">
    <subfield code="a">Microprocessor fundamentals</subfield>
  </datafield>
  <datafield tag="245" ind1=" " ind2=" ">
    <subfield code="a">Microprocessor fundamentals</subfield>
  </datafield>
  <datafield tag="260" ind1=" " ind2=" ">
    <subfield code="b">McGraw Hill</subfield>
    <subfield code="a">Singapore</subfield>
    <subfield code="c">1990</subfield>
  </datafield>
  <datafield tag="082" ind1=" " ind2=" ">
    <subfield code="a">621.381953</subfield>
    <subfield code="b">TOK</subfield>
  </datafield>
  <datafield tag="300" ind1=" " ind2=" ">
    <subfield code="a">469</subfield>
  </datafield>
  <datafield tag="546" ind1=" " ind2=" ">
    <subfield code="a">ENGLISH</subfield>
  </datafield>
  <datafield tag="999" ind1=" " ind2=" ">
    <subfield code="c">18224</subfield>
    <subfield code="d">18224</subfield>
  </datafield>
  <datafield tag="952" ind1=" " ind2=" ">
    <subfield code="0">0</subfield>
    <subfield code="1">0</subfield>
    <subfield code="4">0</subfield>
    <subfield code="7">0</subfield>
    <subfield code="8">CRC</subfield>
    <subfield code="a">CRCE</subfield>
    <subfield code="b">CRCE</subfield>
    <subfield code="d">2023-03-17</subfield>
    <subfield code="e">Progressive Books</subfield>
    <subfield code="g">207.00</subfield>
    <subfield code="i">2050 dt 12.08.92</subfield>
    <subfield code="l">0</subfield>
    <subfield code="o">621.381953 TOK</subfield>
    <subfield code="p">3763</subfield>
    <subfield code="r">2023-03-17</subfield>
    <subfield code="v">207.00</subfield>
    <subfield code="w">1992-08-12</subfield>
    <subfield code="y">BK</subfield>
  </datafield>
  <datafield tag="952" ind1=" " ind2=" ">
    <subfield code="0">0</subfield>
    <subfield code="1">0</subfield>
    <subfield code="4">0</subfield>
    <subfield code="7">0</subfield>
    <subfield code="8">CRC</subfield>
    <subfield code="a">CRCE</subfield>
    <subfield code="b">CRCE</subfield>
    <subfield code="d">2023-03-17</subfield>
    <subfield code="e">Progressive Books</subfield>
    <subfield code="g">207.00</subfield>
    <subfield code="i">2050 dt 12.08.92</subfield>
    <subfield code="l">0</subfield>
    <subfield code="o">621.381953 TOK</subfield>
    <subfield code="p">3764</subfield>
    <subfield code="r">2023-03-17</subfield>
    <subfield code="v">207.00</subfield>
    <subfield code="w">1992-08-12</subfield>
    <subfield code="y">BK</subfield>
  </datafield>
  <datafield tag="952" ind1=" " ind2=" ">
    <subfield code="0">0</subfield>
    <subfield code="1">0</subfield>
    <subfield code="4">0</subfield>
    <subfield code="7">0</subfield>
    <subfield code="8">CRC</subfield>
    <subfield code="a">CRCE</subfield>
    <subfield code="b">CRCE</subfield>
    <subfield code="d">2023-03-17</subfield>
    <subfield code="e">Progressive Books</subfield>
    <subfield code="g">207.00</subfield>
    <subfield code="i">2050 dt 12.08.92</subfield>
    <subfield code="l">0</subfield>
    <subfield code="o">621.381953 TOK</subfield>
    <subfield code="p">3765</subfield>
    <subfield code="r">2023-03-17</subfield>
    <subfield code="v">207.00</subfield>
    <subfield code="w">1992-08-12</subfield>
    <subfield code="y">BK</subfield>
  </datafield>
</record>
